00701cam a22001937a 4500003000500000005001700005008004100022010001000063011001000073035001000083040000900093100003100102245010300133260007700236300001400313500007800327650005100405650005100456CHAP20220329141927.0980701s1994 mx r 00010 spa d a75849 a76821 a86411 cCHAP00aMejía Martínez, Clark. 0aSobre el investigar en filosofía :bpara filosofos sin filosofíacpor Clark Mejía Martínez aChapingo Méx. :bUACH. Departamento de Preparatoria Agrícola,c1994. app. 11-17 aEnc. con: La investigación acción y la investigación en filosofía14aEducaciónxDiscursos, ensayos, conferencias.14aFilosofíaxDiscursos, ensayos, conferencias.